Violencia contra mujeres en un entorno de desigualdad social: homicidios dolosos en Tijuana, Baja California /
En este articulo analizamos información correspondiente a homicidios dolosos cometidos contra mujeres residentes de Tijuana, Baja California, durante el periodo 2000-2005
Gorde:
| Egile nagusia: | |
|---|---|
| Beste egile batzuk: | , |
| Formatua: | Texto |
| Gaiak: | |
| Etiketak: |
Etiketa erantsi
Etiketarik gabe, Izan zaitez lehena erregistro honi etiketa jartzen!
|
MARC
| LEADER | 00000 a a2200000 04500 | ||
|---|---|---|---|
| 001 | 11664 | ||
| 003 | |||
| 040 | |||
| 100 | |a Fuentes Romero, David F. | ||
| 245 | |a Violencia contra mujeres en un entorno de desigualdad social: |b homicidios dolosos en Tijuana, Baja California / |c David F. Fuentes Romero ; Margarita Barajas Tinoco ; Silvia Figueroa Ramírez | ||
| 520 | |a En este articulo analizamos información correspondiente a homicidios dolosos cometidos contra mujeres residentes de Tijuana, Baja California, durante el periodo 2000-2005 | ||
| 650 | |a HOMICIDIO | ||
| 650 | |a VIOLENCIA | ||
| 650 | |a MUJERES | ||
| 650 | |a MEXICO | ||
| 700 | |a Barajas Tinoco, Margarita | ||
| 700 | |a Figueroa Ramírez, Silvia | ||
| 773 | |g volumen 13, número 53; páginas 203-224 | ||
| 999 | |c 30519 |d 30519 | ||
